000 01014cam a22003373a 4500
001 12835036
003 PILC
005 20160112151412.0
008 000609s2000 nyu j 000 1 eng d
010 _a 2002581291
020 _a0439163870 (pbk.)
035 _a(OCoLC)ocm44273830
040 _aEOW
_cEOW
_dOCL
_dDLC
042 _alccopycat
050 0 0 _aPZ 7
_b.L614 2000
082 _aKF
_bL56 2000
100 1 _aLerangis, Peter.
_95932
245 1 0 _aAntarctica :
_cPeter Lerangis.
_bjourney to the pole
260 _aNew York :
_bScholastic,
_cc2000.
300 _a242 p. :
_c19 cm.
490 0 _aAntarctica
562 _e1
650 0 _aAdventure stories.
_93058
650 0 _aAdventure and adventurers
_xJuvenile fiction.
_95933
655 7 _aAdventure fiction.
_2gsafd
_93061
710 2 _aCopyright Paperback Collection (Library of Congress)
_5DLC
_9705
906 _a7
_bcbc
_ccopycat
_d2
_encip
_f20
_gy-genrareb
942 _2lcc
_cBK
999 _c8129
_d8129